Normal view
MARC view
- Kulkarni, M. / Mahajan, S
Entry Personal Name
001 - CONTROL NUMBER
- control field: 58984
003 - CONTROL NUMBER IDENTIFIER
- control field: OSt
005 - DATE AND TIME OF LATEST TRANSACTION
- control field: 20220806105920.0
008 - FIXED-LENGTH DATA ELEMENTS
- fixed length control field: 220806|| aca||aabn | a|a d
040 ## - CATALOGING SOURCE
- Original cataloging agency: OSt
- Transcribing agency: OSt
100 ## - HEADING--PERSONAL NAME
- Personal name: Kulkarni, M. / Mahajan, S
670 ## - SOURCE DATA FOUND
- Source citation: Work cat.: (OSt)33777: Kulkarni, M. / Mahajan, S., Basics Of Cost Accounting, 2013